| 000 | 00413pab a2200169 454500 | ||
|---|---|---|---|
| 008 | 180718b1985 xxu||||| |||| 00| 0 eng d | ||
| 100 | _aRao, B. RamaKrishna | ||
| 245 | _aHandicaps of Indian handlooms | ||
| 260 | _c1985 | ||
| 300 | _a11-12,16 | ||
| 362 | _aMar. | ||
| 650 | _aIndustry, Rural - India - Andhra Pradesh | ||
| 700 | _aG. Subrahmanyam | ||
| 773 | _aKurukshetra | ||
| 908 | _aN | ||
| 909 | _a10696 | ||
| 999 |
_c10696 _d10696 |
||